000 00565nam a22001697a 4500
008 151103b xxu||||| |||| 00| 0 eng d
041 0 _aeng
080 _a621.48
100 1 _aAlger, Philip Langdon,
245 1 0 _aInduction machines, their behavior and uses /
_cPhilip L. Alger ; new introduction by M. Harry Hesse.
250 _a2nd ed., completely rev. and updated.
260 _aAustralia ;
_aUnited States :
_bGordon and Breach,
_cc1968
300 _axix, 518 f. :
_bme il.;
_c23 cm.
650 0 _aMotorët elektrikë
650 0 _aInduksioni
942 _2udc
_cBK
999 _c1349
_d1349